| 000 | 00493cam a2200205 4500 | ||
|---|---|---|---|
| 008 | 090401t1989 xxu||||| |||| 00| 0 eng d | ||
| 020 | _a0091740681 | ||
| 035 | _a(Sirsi) u35621 | ||
| 041 | _aeng | ||
| 050 | _a651.75 | ||
| 100 | _aJanner, Greville | ||
| 245 | _aJanner`s complete letterwriter | ||
| 250 | _a4th ed. | ||
| 260 |
_aLondon _bBusiness Books Limited _c1989 |
||
| 300 | _a206p. ; 22cm. | ||
| 350 | _a7.95 | ||
| 650 | _aLETTER WRITING | ||
| 942 | _n0 | ||
| 948 | _c04/03/1997 | ||
| 999 |
_c90134 _d90134 |
||